Sociedad civil globalizada: ¿la de abajo o la de arriba? /
Este artículo constituye un repaso a la evolución histórica del concepto de Sociedad Civil. Además, explica las tres orientaciones de Sociedad Civilcon que se cuenta hoy: una concepción burguesa, "la de arriba" una concepción "angelical", la que la define como el reagrupamiento d...
Gorde:
| Egile nagusia: | |
|---|---|
| Formatua: | Texto |
| Gaiak: | |
| Etiketak: |
Etiketa erantsi
Etiketarik gabe, Izan zaitez lehena erregistro honi etiketa jartzen!
|
MARC
| LEADER | 00000 a a2200000 04500 | ||
|---|---|---|---|
| 001 | 7157 | ||
| 003 | |||
| 040 | |||
| 100 | |a Houtart, Francois | ||
| 245 | |a Sociedad civil globalizada: |b ¿la de abajo o la de arriba? / |c Francois Houtart | ||
| 520 | |a Este artículo constituye un repaso a la evolución histórica del concepto de Sociedad Civil. Además, explica las tres orientaciones de Sociedad Civilcon que se cuenta hoy: una concepción burguesa, "la de arriba" una concepción "angelical", la que la define como el reagrupamiento de todos los "buenos" y unaconcepción popular, la "de abajo"./ICC/ | ||
| 650 | |a SOCIEDAD CIVIL | ||
| 650 | |a GLOBALIZACION | ||
| 650 | |a HISTORIA | ||
| 650 | |a ANALISIS HISTORICO | ||
| 650 | |a BURGUESIA | ||
| 650 | |a ESTADO | ||
| 650 | |a MERCADO | ||
| 650 | |a ORGANIZACIONES NO GUBERNAMENTALES | ||
| 650 | |a CAPITALISMO | ||
| 650 | |a CLASES SOCIALES | ||
| 650 | |a GRUPOS SOCIALES | ||
| 650 | |a MOVIMIENTOS SOCIALES | ||
| 650 | |a TEORIA POLITICA | ||
| 773 | |g volumen 20, número 230; páginas 41-46 | ||
| 999 | |c 39332 |d 39332 | ||
